MARC

LEADER 00000nam0a2200000 4500
001 280715
005 20231101235331.0
020 |a RU  |b 86-62630 
035 |a (RuTPU)RU\TPU\book\304271 
090 |a 280715 
100 |a 20150114d1985 k y0rusy5003 ca 
101 0 |a rus 
102 |a RU 
105 |a a z 001zy 
200 1 |a Методы анализа и синтеза систем управления многодвигательными электроприводами  |e межвузовский сборник научных трудов  |f Ивановский энергетический институт (ИЭИ) ; под ред. А. М. Быстрова 
210 |a Иваново  |c Изд-во ИГУ  |d 1985 
215 |a 167 с.  |c ил. 
320 |a Библиогр. в конце статей 
606 |a Электроприводы  |x Автоматическое управление  |2 stltpush  |3 (RuTPU)RU\TPU\subj\20692  |9 45778 
610 1 |a каскадные системы 
610 1 |a микропроцессорное управление 
610 1 |a компенсаторы 
610 1 |a осевая намотка 
610 1 |a анализ 
610 1 |a построение 
610 1 |a статоры 
610 1 |a процессоры 
610 1 |a модульно-фазовое управление 
610 1 |a изделия 
610 1 |a оптические измерители 
610 1 |a экспресс-диагностика 
675 |a 62-83-52  |v 3 
702 1 |a Быстров  |b А. М.  |g Анатолий Михайлович  |4 340 
712 0 2 |a Ивановский энергетический институт (ИЭИ)  |c (1930-1992)  |2 stltpush  |3 (RuTPU)RU\TPU\col\6341 
801 0 |a RU  |b RuMRKP  |c 19950704  |g psbo 
801 1 |a RU  |b 63413507  |c 20150114 
801 2 |a RU  |b 63413507  |c 20170628  |g RCR 
942 |c BK